000 00224nam a22000977a 4500
100 _aBasu,Anjana
_979881
245 _aIn the Shadow of The Leaves
260 _aDelhi
_bTERI
_c2017
650 _aChildren Book
_979882
942 _cBK
999 _c63434
_d63434